000
00281nam a22001217a 4500
008
160523b xxu||||| |||| 00| 0 eng d
020
_a
9780312487584
020
_a
0312487584
041
_a
eng
080
_a
003.2
245
_a
Writing first:
_c
Laurie G. Kirszner;
942
_2
udc
_c
BK
999
_c
2364
_d
2364